000 00896nam a2200253Ia 4500
003 OSt
005 20220923222240.0
006 a|||||r|||| 00| 0
007 ta
008 Pun
024 _a203,981
037 _cTextual
040 _aARTS
_cARTS
_bPun
041 _2Pun
_aPun
082 _aO153,3N19x, 152M2
100 _aअमृता प्रीतम
_9156318
245 0 _aअमृता प्रीतम
_b चुनी हुई कहानियॉं चुने हुए निबन्ध
246 _aAmṛutā prītama: chunī huī kahāniyaॉan chune hue nibandha
260 _aनई दिल्ली
_b भारतीय ज्ञानपीठ
_c1982
300 _a360पृ0
_ccm.
650 _aपंजाबी निबंध
942 _hO153,3N19x, 152M2
_cTEXL
_2CC
999 _c354731
_d354731